| LEADER | 01182nam a2200217 i 4500 | ||
|---|---|---|---|
| 003 | GR-PaULI | ||
| 005 | 20230125111320.0 | ||
| 008 | 230125q1972 gr a|||g |||| 00| f gre d | ||
| 952 | |0 0 |1 0 |2 ddc |4 0 |6 920_000000000000000_ΑΡΓ |7 0 |9 367857 |a LISP |b LISP |c DON |d 2023-01-25 |e ΠΑΠ |i 258908 |l 0 |o 920 ΑΡΓ |p 025000295894 |r 2023-01-25 00:00:00 |t 1 |w 2023-01-25 |y BK15 | ||
| 999 | |c 214954 |d 214954 | ||
| 040 | |a GR-PaULI |b gre |c GR-PaULI |e AACR2 | ||
| 082 | 0 | 4 | |2 23 |a 920 |
| 100 | 1 | |9 145217 |a Αργυρόπουλος, Οθων |e συγγραφέας. | |
| 245 | 1 | 0 | |a Μεγάλες μορφές / |c Οθ. Αργυρόπουλου ; εικονογράφηση Ιωάννας Αργυροπούλου - Αραβοσιτά ; εκδοτική επιμέλεια Ντίνας Κωνστανταροπούλου. |
| 260 | |a Αθήναι : |b "Μινώας", |c [1972;]. | ||
| 300 | |a 226, [6] σ. : |b εικ. ; |c 25 εκ. | ||
| 650 | 4 | |9 4907 |a Βιογραφία | |
| 700 | |9 195683 |a Αργυροπούλου - Αραβοσιτά, Ιωάννα |e εικονογράφος. | ||
| 700 | 1 | |9 51959 |a Κωνστανταροπούλου, Ντίνα |e επιμελήτρια. | |
| 942 | |2 ddc |c BK | ||
| 998 | |c ΛΟΤΣΑΡΗ |d 2023-01 | ||